000 00986nam a2200229Ia 4500
001 3702
005 20260407160524.0
008 260306t2019||||xx |||||||||||||| ||spa||
041 _aESP
082 _a302
_bM593
100 _aMyers, David G.
_eAUT
245 0 _aPsicología social
260 _c2019
300 _avarias paginaciones :
_c27 cm.
650 _aGEN
654 _aCPS
856 _uhttps://itmsp.museknowledge.com/UCSP?url=https://www.ebooks7-24.com:443/?il=9163&pg=1
_zVersión digital
856 _uhttps://0u213vhy0-y-https-ebooks7--24-com.itmsp.museknowledge.com/biblioteca.aspx
_zVéase además: Base de datos Ebook7-24
856 _uhttps://0u20vvhyt-y-https-ebookcentral-proquest-com.itmsp.museknowledge.com/lib/catolicasp/home.action
_zVéase además: Base de datos ProQuest Ebook Central
856 _uhttps://0u20fvhy8-y-https-research-ebsco-com.itmsp.museknowledge.com/c/qxo6us/search
_zVéase además: Base de datos EBSCOhost
942 _cLIB
_dJUS
_fJUS
_2ddc
999 _c3702
_d3702